| 000 | 00606nam a2200181Ia 4500 | ||
|---|---|---|---|
| 999 |
_c11869 _d11869 |
||
| 082 | _a382.06554 IND-C | ||
| 245 | 0 | _aCompendium on technology exports: an illustrative compilation of exported and exportable technologies from India | |
| 260 |
_aNew Delhi _bIndian Institute of Foreign Trade _c2004 |
||
| 300 | _aviii, 424 | ||
| 650 |
_aTechnology _zIndia |
||
| 650 |
_aExports _zIndia |
||
| 650 | _aInternational cooperation | ||
| 650 |
_aIndia _vCommerce |
||
| 650 |
_aTechnology transfer _zIndia |
||
| 650 |
_aTrading companies _zIndia |
||
| 710 | _aIndian Institute of Foreign Trade | ||
| 942 |
_cBK _2ddc |
||